Política ambiental e reciclagem: o lugar invisível dos catadores de "Iixo" /
Guardado en:
| Hovedforfatter: | |
|---|---|
| Andre forfattere: | , |
| Format: | Texto |
| Fag: | |
| Tags: |
Tilføj Tag
Ingen Tags, Vær først til at tagge denne postø!
|
MARC
| LEADER | 00000 a a2200000 04500 | ||
|---|---|---|---|
| 001 | 2369 | ||
| 003 | |||
| 040 | |||
| 100 | |a Mota, Ana Elizabete | ||
| 245 | |a Política ambiental e reciclagem: |b o lugar invisível dos catadores de "Iixo" / |c Ana Elizabete Mota | ||
| 650 | |a CAPITALISMO | ||
| 650 | |a RECURSOS NATURALES | ||
| 650 | |a EMPRESAS | ||
| 650 | |a GESTION AMBIENTAL | ||
| 650 | |a POLITICA AMBIENTAL | ||
| 650 | |a PROTECCION AMBIENTAL | ||
| 650 | |a BRASIL | ||
| 700 | |a Silva, María das Gracas e | ||
| 700 | |a Valença, Marcela | ||
| 773 | |g volumen 20, número 1; páginas 71-86 | ||
| 999 | |c 23389 |d 23389 | ||
